Plant pathology (Record no. 34438)

MARC details
000 -LEADER
fixed length control field 00454nam a2200181Ia 4500
008 - FIXED-LENGTH DATA ELEMENTS--GENERAL INFORMATION
fixed length control field 230917s9999||||xx |||||||||||||| ||und||
020 ## - ISBN
Price RS2050
040 ## - CATALOGING SOURCE
-- 212800
Original cataloging agency VIVEKANANDA LIBRARY
041 ## - Language
-- English
082 ## - DDC NUMBER
Classification number 581.2 A84P(5)
100 ## - MAIN ENTRY--PERSONAL NAME
Personal name Agrios, George N
245 #0 - TITLE STATEMENT
Title Plant pathology
250 ## - EDITION STATEMENT
Edition statement 5th. ed.
260 ## - PUBLICATION, DISTRIBUTION, ETC. (IMPRINT)
Place of publication, distribution, etc Amsterdam
Name of publisher, distributor, etc Elsevier
Date of publication, distribution, etc 2012
300 ## - PHYSICAL DESCRIPTION
Pages xxiii, 922 p.
500 ## - GENERAL NOTE
General note 4267 25/11/2013 131 04/12/2013 Main Budget
942 ## - ADDED ENTRY ELEMENTS (KOHA)
Koha item type Books
Holdings
Withdrawn status Lost status Damaged status Not for loan Location (home branch) Sublocation or collection (holding branch) Date acquired Koha issues (times borrowed) Koha full call number Accession No. Koha date last seen Koha item type
        VIVEKANANDA LIBRARY VIVEKANANDA LIBRARY 24/01/2014   581.2 A84P(5) 334978 17/09/2023 Books
        VIVEKANANDA LIBRARY VIVEKANANDA LIBRARY 24/01/2014   581.2 A84P(5) 334979 17/09/2023 Books
© Designed and Maintained by Vivekananda Library, MDU Rohtak